| 000 | 00654cab a2200241 4500 | ||
|---|---|---|---|
| 001 | WB3138-23 | ||
| 008 | 090401t1995 xxu||||| |||| 00| 0 eng d | ||
| 035 | _a(Sirsi) u66690 | ||
| 041 | _aeng | ||
| 245 | _aHistory revealed in thatched roofs | ||
| 260 | _c1995 | ||
| 350 | _a0 | ||
| 490 |
_aSunday Times _vMagazine 8 October 1995, 27(1) |
||
| 520 | _aDiscusses historical evidence available in thatch of properties centuries old; thatch time-capsules. | ||
| 650 | _aARCHAEOBOTANY | ||
| 650 | _aBOTANY | ||
| 650 | _aHISTORY | ||
| 650 | _aMEDIEVAL CROPS | ||
| 650 | _aTHATCH | ||
| 690 | _aCONSERVATION | ||
| 942 | _n0 | ||
| 948 | _c04/03/1997 | ||
| 999 |
_c41659 _d41659 |
||